00553nam a2200181Ia 4500008004100000040001400041082001100055100001700066245002800083260001100111365002700122366000800149630002800157730002800185942000900213999001900222952013000241100315s9999 xx 000 0 und d cENGLISH  b3484  a"Kale, N G " aInternational Marketing c1997  eRupees d1 b85.00  f0  aInternational Marketing aInternational Marketing cBOOK c478219d478216 00104070aVPMBRIMSbVPMBRIMSd2008-06-04g85.00l0o /KAL  3484 pVPMBRIMS-3484 r2010-03-19 00:00:00w2010-03-19yBOOK